Contra el silencio : (Record no. 22915)

000 -CABECERA
fixed length control field 01713nam a22002777i 4500
003 - IDENTIFICADOR DEL NÚMERO DE CONTROL
control field AR-CdUCM
008 - DATOS DE LONGITUD FIJA--INFORMACIÓN GENERAL
fixed length control field 240522b20222022 pe||||| |||| 00| 0 spa d
020 ## - NÚMERO INTERNACIONAL ESTÁNDAR DEL LIBRO
ISBN 978-612-49070-1-2
040 ## - FUENTE DE LA CATALOGACIÓN
Agencia/entidad que catalogó originalmente la obra MUNICIPALIDAD PROVINCIAL DEL CUSCO
Entidad que transcribió la catalogación BIBLIOTECA MUNICIPAL DEL CUSCO
082 ## - NÚMERO DE LA CLASIFICACIÓN DECIMAL DEWEY
No. de Clasificación 498.5 / P23
Notacion interna P23
100 ## - ENTRADA PRINCIPAL--NOMBRE DE PERSONA
Nombre Personal Panizo, Agustín.
245 ## - MENCIÓN DE TÍTULO
Título Contra el silencio :
Resto del título Lenguas originarias y justicia lingüística /
260 ## - PUBLICACIÓN, DISTRIBUCIÓN, ETC.
Lugar de publicación, distribución, etc. Lima :
Nombre de la editorial, distribuidor, etc. Ministerio de Cultura del Perú,
-- Proyecto Especial Bicentenario de la Independencia del Perú,
Fecha de publicación, distribución, etc. 2022
300 ## - DESCRIPCIÓN FÍSICA
Nº de Páginas Extensión 180 páginas. :
Dimensiones 21 cm.
500 ## - NOTA GENERAL
Bibliografía Bibliografía: páginas 163 - 168
505 ## - NOTA DE CONTENIDO CON FORMATO
Nota de contenido formateada Extranjeros en su propio país -- El mundo es un corral de lenguas -- Un país de muchas lenguas -- La importancia de las lenguas -- ¡Kukama kakiri! -- Los tres compradores de palabras o el poder de la lengua -- Indígenas a mucha honra y por derecho -- La arremetida del silencio: las lenguas indígenas peruanas están desapareciendo -- María Antonia y las lenguas indígenas oficiales en el Perú -- La infinita mitología de los Ticuna -- La urgente tarea de escribir diccionarios de nuestras lenguas indígenas -- Del tupay al tinkuy y al tinkiy
650 ## - PUNTO DE ACCESO ADICIONAL DE MATERIA--TÉRMINO DE MATERIA
Descriptor Un país de muchas lenguas
9 (RLIN) 49940
650 ## - PUNTO DE ACCESO ADICIONAL DE MATERIA--TÉRMINO DE MATERIA
Descriptor La importancia de las lenguas
9 (RLIN) 49941
650 ## - PUNTO DE ACCESO ADICIONAL DE MATERIA--TÉRMINO DE MATERIA
Descriptor ¡Kukama kakiri!
9 (RLIN) 49942
650 ## - PUNTO DE ACCESO ADICIONAL DE MATERIA--TÉRMINO DE MATERIA
Descriptor Indígenas a mucha honra y por derecho
9 (RLIN) 49943
650 ## - PUNTO DE ACCESO ADICIONAL DE MATERIA--TÉRMINO DE MATERIA
Descriptor La arremetida del silencio: las lenguas indígenas peruanas están desapareciendo
9 (RLIN) 49944
650 ## - PUNTO DE ACCESO ADICIONAL DE MATERIA--TÉRMINO DE MATERIA
Descriptor La urgente tarea de escribir diccionarios de nuestras lenguas indígenas
9 (RLIN) 49945
856 ## - LOCALIZACIÓN Y ACCESO ELECTRÓNICOS
Dirección electrónica www.bicentenario.gob.pe/biblioteca
942 ## - ELEMENTOS DE PUNTO DE ACCESO ADICIONAL (KOHA)
Fuente de clasificación
Tipo de item Libros-BMC
945 ## - PROCESAMIENTO DE INFORMACIÓN LOCAL (OCLC)
Catalogador pbj
AAAA-MM-DD - Fecha de ingreso o modificacion 2024-05-22
Holdings
Estado de retiro (separado) Fuente de clasificación o esquema de estanterías Estado dañado Ubicación Sala donde se ubica Nombre de la colección Fecha de adquisición o compra Fuente de adquisición Costo, precio normal en soles Signatura topográfica Código de Barras Última vez visto (Koha) Tipo de ítem (Koha)
No     Sala Humanidades Sala Humanidades Book Cart 2024-05-22 Depósito Legal 20.00 498.5 / P23 SH0000016752 2024-05-22 Libros-BMC

Powered by Koha